Modernización agrícola y estrategias campesinas de América Latina /
sin resumen
Сохранить в:
| Главный автор: | |
|---|---|
| Формат: | Текст |
| Метки: |
Добавить метку
Нет меток, Требуется 1-ая метка записи!
|
MARC
| LEADER | 00000 a a2200000 04500 | ||
|---|---|---|---|
| 001 | 16412 | ||
| 003 | |||
| 040 | |||
| 100 | |a Chonchol, Jacques | ||
| 245 | |a Modernización agrícola y estrategias campesinas de América Latina / |c Jacques Chonchol | ||
| 520 | |a sin resumen | ||
| 773 | |g número 124; páginas 143-160 | ||
| 999 | |c 39650 |d 39650 | ||
| 773 | 0 | |0 43402 |9 6351 |a Organización de las Naciones Unidas para la Educación, Ciencia y la Cultura, UNESCO |d París: UNESCO |o MFN: 2153 |t Revista Internacional de Ciencias Sociales / |x 03790762 | |
